Význam príjmov z televíznych práv v športe bakalárska práca

Enregistré dans:
Détails bibliographiques
Auteur principal: Pagáč, Ondrej
Collectivité auteur: Obchodná fakulta EU. Katedra marketingu
Autres auteurs: Šupák, Juraj
Format: Livre
Langue:slovaque
Publié: Bratislava 2016
Tags: Ajouter un tag
Pas de tags, Soyez le premier à ajouter un tag!

MARC

LEADER 00000nbm a2200000 4500
001 0218821
005 20170120154702.8
041 0 |a slo 
044 |a SK 
245 1 0 |a Význam príjmov z televíznych práv v športe  |b bakalárska práca  |c Ondrej Pagáč ; školiteľ: Juraj Šupák 
264 1 |a Bratislava  |c 2016 
300 |a 47 s. 
100 1 |a Pagáč, Ondrej 
700 1 |a Šupák, Juraj 
710 2 |a Obchodná fakulta EU. Katedra marketingu